№ 1; Управляющие системы и машины

Bibliografiske detaljer
Parent link:Управляющие системы и машины: научный журнал/ Национальная академия наук Украины (НАНУ), Институт кибернетики им. В. М. Глушкова (ИК). № 1.— , 1972-
Sprog:russisk
Udgivet: 2014
Format: Bog
KOHA link:https://koha.lib.tpu.ru/cgi-bin/koha/opac-detail.pl?biblionumber=531839

MARC

LEADER 00000nam2a2200000 4500
001 531839
005 20231101112756.0
035 |a (RuTPU)RU\TPU\prd\218346 
090 |a 531839 
100 |a 20140418a19729999k y0rusy50 ca 
101 0 |a rus 
102 |a UA 
200 0 |a № 1 
210 |d 2014 
461 1 |0 (RuTPU)RU\TPU\prd\1743  |t Управляющие системы и машины  |o научный журнал  |f Национальная академия наук Украины (НАНУ), Институт кибернетики им. В. М. Глушкова (ИК)  |v № 1  |d 1972- 
801 0 |a RU  |b 63413507  |c 20010227  |g PSBO 
801 1 |a RU  |b 63413507  |c 20140418 
801 2 |a RU  |b 63413507  |c 20201216  |g RCR 
942 |c BK 
999 |a НТБ_ТПУ  |b НФ  |e -1/20140109  |p П-6692  |s 4/20130930  |u 0,00  |v 1